Fühlende und denkende Kriminalwissenschaften: Ehrengabe für Anne-Eva Brauneck
| Otros Autores: | ; ; |
|---|---|
| Tipo de documento: | Print Libro |
| Lenguaje: | Alemán |
| Publicado: |
Mönchengladbach
Forum-Verlag Godesberg
1999
|
| En: |
Gießener kriminalwissenschaftliche Schriften (10)
Año: 1999 |
| Acceso en línea: |
Índice |
| Disponibilidad en Tübingen: | Disponible en Tübingen. IFK: S 141 10 |
| Verificar disponibilidad: | HBZ Gateway |
| Servicio de pedido Subito: | Pedir ahora. |
| Volúmenes / Artículos: | Mostrar volumes / artículos. |
| Palabras clave: |
MARC
| LEADER | 00000cam a2200000 c 4500 | ||
|---|---|---|---|
| 001 | 303689854 | ||
| 003 | DE-627 | ||
| 005 | 20260206193208.0 | ||
| 007 | tu | ||
| 008 | 991015s1999 gw ||||| b 00| ||ger c | ||
| 015 | |a 99,N44,0240 |2 dnb | ||
| 015 | |a 00,A08,0579 |2 dnb | ||
| 016 | 7 | |a 957614411 |2 DE-101 | |
| 020 | |a 393098248X |c : DM 98.00, DM 78.00 (Gb., Subskr.-Pr. bis 31.1.2000) |9 3-930982-48-X | ||
| 035 | |a (DE-627)303689854 | ||
| 035 | |a (DE-603)083963839 | ||
| 035 | |a (DE-576)081675577 | ||
| 035 | |a (DE-599)GBV303689854 | ||
| 035 | |a (OCoLC)260008505 | ||
| 035 | |a (OCoLC)260008505 | ||
| 040 | |a DE-627 |b ger |c DE-627 |e rakwb | ||
| 041 | |a ger | ||
| 044 | |c XA-DE | ||
| 084 | |a 19 |2 sdnb | ||
| 084 | |a 19 |a 14 |a 11 |2 sdnb | ||
| 084 | |a PC 4630 |2 rvk |0 (DE-625)rvk/135081: | ||
| 084 | |a 86.41 |2 bkl | ||
| 245 | 0 | 0 | |a Fühlende und denkende Kriminalwissenschaften |b Ehrengabe für Anne-Eva Brauneck |c Arthur Kreuzer ... (Hrsg.). Mit Beitr. von Otto Backes ... |
| 246 | 3 | 0 | |a Festschrift Anne-Eva Brauneck |
| 263 | |a Gb. : DM 98.00, DM 78.00 (Subskr.-Pr. bis 31.1.2000) | ||
| 264 | 1 | |a Mönchengladbach |b Forum-Verlag Godesberg |c 1999 | |
| 300 | |a XIV, 598 S. |b graph. Darst. |c 21 cm | ||
| 336 | |a Text |b txt |2 rdacontent | ||
| 337 | |a ohne Hilfsmittel zu benutzen |b n |2 rdamedia | ||
| 338 | |a Band |b nc |2 rdacarrier | ||
| 490 | 1 | |a Gießener Kriminalwissenschaftliche Schriften |v 10 | |
| 500 | |a Bibliogr. A.-E. Brauneck S. 587 - 589 | ||
| 583 | 1 | |a Archivierung prüfen |c 20251012 |f DE-4165 |z 2 |2 pdager | |
| 600 | 1 | 7 | |0 (DE-588)11642463X |0 (DE-627)077926862 |0 (DE-576)160411661 |a Brauneck, Anne-Eva |d 1910-2007 |2 gnd |
| 650 | 0 | 7 | |0 (DE-588)4033197-0 |0 (DE-627)106258532 |0 (DE-576)209000562 |a Kriminologie |2 gnd |
| 651 | 7 | |0 (DE-588)4011882-4 |0 (DE-627)104704861 |0 (DE-576)208896155 |a Deutschland |2 gnd | |
| 655 | 7 | |a Bibliografie |0 (DE-588)4006432-3 |0 (DE-627)104814519 |0 (DE-576)208865578 |2 gnd-content | |
| 655 | 7 | |a Aufsatzsammlung |0 (DE-588)4143413-4 |0 (DE-627)105605727 |0 (DE-576)209726091 |2 gnd-content | |
| 655 | 7 | |a Festschrift |0 (DE-588)4016928-5 |0 (DE-627)104400986 |0 (DE-576)208917802 |2 gnd-content | |
| 689 | 0 | 0 | |d p |0 (DE-588)11642463X |0 (DE-627)077926862 |0 (DE-576)160411661 |a Brauneck, Anne-Eva |d 1910-2007 |2 gnd |
| 689 | 0 | |5 DE-101 | |
| 689 | 1 | 0 | |d g |0 (DE-588)4011882-4 |0 (DE-627)104704861 |0 (DE-576)208896155 |a Deutschland |2 gnd |
| 689 | 1 | 1 | |d s |0 (DE-588)4033197-0 |0 (DE-627)106258532 |0 (DE-576)209000562 |a Kriminologie |2 gnd |
| 689 | 1 | |5 DE-101 | |
| 689 | 2 | 0 | |d p |0 (DE-588)11642463X |0 (DE-627)077926862 |0 (DE-576)160411661 |a Brauneck, Anne-Eva |d 1910-2007 |2 gnd |
| 689 | 2 | |5 (DE-627) | |
| 689 | 3 | 0 | |d g |0 (DE-588)4011882-4 |0 (DE-627)104704861 |0 (DE-576)208896155 |a Deutschland |2 gnd |
| 689 | 3 | 1 | |d s |0 (DE-588)4033197-0 |0 (DE-627)106258532 |0 (DE-576)209000562 |a Kriminologie |2 gnd |
| 689 | 3 | |5 (DE-627) | |
| 700 | 1 | |a Kreuzer, Arthur |d 1938- |e Hrsg. |0 (DE-588)118152262 |0 (DE-627)079274315 |0 (DE-576)216086213 |4 edt | |
| 700 | 1 | |a Brauneck, Anne-Eva |d 1910-2007 |e GefeierteR |0 (DE-588)11642463X |0 (DE-627)077926862 |0 (DE-576)160411661 |4 hnr | |
| 700 | 1 | |a Backes, Otto |d 1936- |0 (DE-588)105878855 |0 (DE-627)525517316 |0 (DE-576)160138248 |4 oth | |
| 830 | 0 | |a Gießener kriminalwissenschaftliche Schriften |v 10 |9 10 |w (DE-627)236453386 |w (DE-576)051385996 |w (DE-600)1401652-7 |x 0949-5789 |7 am | |
| 856 | 4 | 2 | |u http://www.gbv.de/dms/spk/sbb/toc/303689854.pdf |m V:DE-601 |m B:DE-1 |q pdf/application |x Verlag |y Inhaltsverzeichnis |3 Inhaltsverzeichnis |7 1 |
| 935 | |i Blocktest | ||
| 936 | r | v | |a PC 4630 |b Für Personen |k Rechtswissenschaft |k Allgemeines zum juristischen Studium und zur Rechtswissenschaft |k Festschriften, Sammelwerke |k Für Personen |0 (DE-627)127072195X |0 (DE-625)rvk/135081: |0 (DE-576)20072195X |
| 936 | b | k | |a 86.41 |j Kriminologie |0 (DE-627)181572001 |
| 936 | s | n | |a p100 |2 mzub |
| 936 | s | n | |a m200 |2 mzub |
| 936 | s | n | |a c200 |2 mzub |
| 951 | |a BO | ||
| ELC | |b 1 | ||
| LOK | |0 000 xxxxxcx a22 zn 4500 | ||
| LOK | |0 001 3125137144 | ||
| LOK | |0 003 DE-627 | ||
| LOK | |0 004 303689854 | ||
| LOK | |0 005 20260109155517 | ||
| LOK | |0 008 010731||||||||||||||||ger||||||| | ||
| LOK | |0 040 |a DE-21-110 |c DE-627 |d DE-21-110 | ||
| LOK | |0 689 |a s |a Kriminalwissenschaften | ||
| LOK | |0 689 |a f |a Festschrift | ||
| LOK | |0 852 |a DE-21-110 | ||
| LOK | |0 852 1 |c S 141 10 |m p |9 00 | ||
| LOK | |0 935 |a k110 | ||
| LOK | |0 938 |k p | ||
| LOK | |0 939 |a 31-07-01 |b l01 | ||
| ORI | |a SA-MARC-krimdoka001.raw | ||
| SIG | |a IFK: S 141 10 | ||
| SPR | |a 1 |t KRI | ||
| TIM | |a 100019901003_100020261231 |b 1990-10-03 - 2026 | ||
